[Event "Top Loire 2012-2013"]
[Site "Loire"]
[Date "2012.10.06"]
[Round "1.6"]
[White "Vier, Serge"]
[Black "Furnon, Yannick"]
[Result "0-1"]
[WhiteElo "1700"]
[BlackElo "1830"]
[PlyCount "90"]
[EventDate "2013.??.??"]
[EventCountry "FRA"]
[SourceDate "2005.09.12"]

1. d4 d5 2. c4 c6 3. Nf3 Nf6 4. Nc3 dxc4 5. a4 Bf5 6. e3 e6 7. Bxc4 Bb4 8. O-O
O-O 9. Qe2 Bg4 10. Rd1 Qa5 11. Bd2 Qh5 12. Ne4 Nxe4 13. Bxb4 Ng5 14. Bxf8 Bxf3
15. gxf3 Nxf3+ 16. Qxf3 Qxf3 17. Bd6 Nd7 18. b4 Nf6 19. Bf1 Ne4 20. Bg3 h5 21.
Bg2 Qf5 22. f3 Nxg3 23. hxg3 Qc2 24. Rdc1 Qb3 25. Kf2 Qxb4 26. Bf1 Rb8 27. Rab1
Qd6 28. Rb3 g6 29. Rcb1 b6 30. Rc1 c5 31. Rd1 Rc8 32. Rc3 h4 33. gxh4 Qh2+ 34.
Bg2 Qxh4+ 35. Ke2 Qg5 36. Kf2 Rd8 37. f4 Qh4+ 38. Ke2 cxd4 39. Rcd3 Rc8 40.
Rxd4 Rc2+ 41. R4d2 Rxd2+ 42. Rxd2 Qh5+ 43. Kf2 Qc5 44. Bf1 Kg7 45. Bd3 Qb4 0-1

[Event "Top Loire 2012-2013"]
[Site "Loire"]
[Date "2012.10.06"]
[Round "1.7"]
[White "Andre, Gregory"]
[Black "Doran, Niall"]
[Result "1-0"]
[WhiteElo "1810"]
[BlackElo "1692"]
[PlyCount "63"]
[EventDate "2013.??.??"]
[EventCountry "FRA"]
[SourceDate "2005.09.12"]

1. Nf3 Nf6 2. c4 g6 3. g3 Bg7 4. d4 O-O 5. Bg2 d6 6. O-O Nbd7 7. Qc2 e5 8. e3
Rb8 9. Nc3 Re8 10. b3 exd4 11. Nxd4 Ne5 12. Bb2 Nfg4 13. Rad1 Qg5 14. Nf3 Nxf3+
15. Bxf3 Ne5 16. Bg2 Qh5 17. f3 Nc6 18. Nd5 Bxb2 19. Qxb2 Qe5 20. Qxe5 Rxe5 21.
e4 Kg7 22. Nxc7 Be6 23. f4 Ra5 24. a4 Rd8 25. Nb5 Rd7 26. Nxd6 Bg4 27. Bf3 Bxf3
28. Rxf3 Nb4 29. Ne8+ Kf8 30. Rxd7 Kxe8 31. Rxb7 Ra6 32. Rxb4 1-0

[Event "Top Loire 2012-2013"]
[Site "Loire"]
[Date "2012.10.06"]
[Round "1.8"]
[White "Pareux, Marc"]
[Black "Aumont-Mathieu, Georges"]
[Result "1/2-1/2"]
[WhiteElo "1680"]
[BlackElo "1800"]
[PlyCount "32"]
[EventDate "2013.??.??"]
[EventCountry "FRA"]
[SourceDate "2005.09.12"]

1. d4 Nf6 2. c4 e6 3. Nf3 c5 4. e3 b6 5. Nc3 Bb7 6. d5 d6 7. e4 e5 8. Bd3 Be7
9. O-O Nbd7 10. Bc2 a6 11. Ne1 O-O 12. f4 Ne8 13. f5 f6 14. Qg4 Rf7 15. Rf3 Nf8
16. Rg3 Bc8 1/2-1/2

[Event "Top Loire 2012-2013"]
[Site "Loire"]
[Date "2012.10.06"]
[Round "1.9"]
[White "Longueville, Thomas"]
[Black "Buisine, Roman"]
[Result "0-1"]
[WhiteElo "1782"]
[BlackElo "1651"]
[PlyCount "70"]
[EventDate "2013.??.??"]
[EventCountry "FRA"]
[SourceDate "2005.09.12"]

1. Nf3 d5 2. g3 Nf6 3. Bg2 Nbd7 4. d3 e5 5. O-O Bd6 6. Nbd2 O-O 7. c3 c6 8. e4
Nc5 9. Qe2 Qc7 10. Re1 b6 11. exd5 Ba6 12. Nc4 Nxd3 13. Qxd3 cxd5 14. Nfxe5
dxc4 15. Qf5 Rae8 16. Bf4 Bc8 17. Qg5 h6 18. Qh4 Bxe5 19. Bxh6 gxh6 20. Qxh6
Bf5 21. Qg5+ Bg6 22. Rad1 Nh7 23. Qg4 Bg7 24. Bd5 Rxe1+ 25. Rxe1 Qd6 26. Bxc4
Qf6 27. Qd7 Ng5 28. Rd1 Nh3+ 29. Qxh3 Rd8 30. Rd7 Re8 31. Qg4 Bf5 32. Rxf7 Re1+
33. Kg2 Qc6+ 34. Qf3 Qxc4 35. Rxf5 Qf1# 0-1

[Event "Top Loire 2012-2013"]
[Site "Loire"]
[Date "2012.10.20"]
[Round "2.1"]
[White "Furnon, Yannick"]
[Black "Licata, Luc"]
[Result "0-1"]
[WhiteElo "1830"]
[BlackElo "2060"]
[PlyCount "48"]
[EventDate "2013.??.??"]
[EventCountry "FRA"]
[SourceDate "2005.09.12"]

1. d4 d5 2. c4 c6 3. Nf3 Nf6 4. Nc3 dxc4 5. a4 Bf5 6. e3 e6 7. Bxc4 Bb4 8. O-O
O-O 9. Ne5 Nbd7 10. Nxd7 Qxd7 11. f3 Bg6 12. Qb3 Bd6 13. e4 c5 14. e5 cxd4 15.
exf6 dxc3 16. fxg7 Rfc8 17. Bb5 Qc7 18. bxc3 Bxh2+ 19. Kh1 Bg3 20. Qb4 a6 21.
Bg5 axb5 22. axb5 Rxa1 23. Rxa1 Qe5 24. f4 Qe2 0-1

[Event "Top Loire 2012-2013"]
[Site "Loire"]
[Date "2012.10.20"]
[Round "2.2"]
[White "Deville, Olivier"]
[Black "Andre, Gregory"]
[Result "0-1"]
[WhiteElo "1964"]
[BlackElo "1810"]
[PlyCount "100"]
[EventDate "2013.??.??"]
[EventCountry "FRA"]
[SourceDate "2005.09.12"]

1. Nf3 d5 2. c4 e6 3. b3 Nf6 4. g3 g6 5. Bg2 Bg7 6. Bb2 O-O 7. O-O Nbd7 8. d3
c6 9. Nbd2 Re8 10. e4 Nc5 11. e5 Nxd3 12. Ba3 Nd7 13. Qe2 N3xe5 14. Rad1 Nxf3+
15. Nxf3 Nf6 16. h4 Qc7 17. Bc1 dxc4 18. Qxc4 e5 19. Bb2 Be6 20. Qc1 Bg4 21.
Rde1 Nd7 22. Qg5 Bf5 23. Rd1 f6 24. Qe3 Nb6 25. Ba3 Rad8 26. Bc5 Rxd1 27. Rxd1
Rd8 28. Rxd8+ Qxd8 29. a4 Qd1+ 30. Ne1 Nd5 31. Bxd5+ cxd5 32. Qc3 b6 33. Bd6
Bf8 34. Bxf8 Kxf8 35. Kh2 Qe2 36. Kg1 a5 37. h5 d4 38. Qc1 Qxh5 39. Qc6 Kg7 40.
Qd6 Qg5 41. Qe7+ Kh6 42. Qf8+ Kh5 43. Kh2 e4 44. f4 Qg4 45. Qxf6 Qh3+ 46. Kg1
Qxg3+ 47. Ng2 d3 48. Qxb6 d2 49. Qd8 Qe1+ 50. Kh2 h6 0-1

[Event "Top Loire 2012-2013"]
[Site "Loire"]
[Date "2012.10.20"]
[Round "2.3"]
[White "Cursoux, Gerard"]
[Black "Moleins, Adrien"]
[Result "1/2-1/2"]
[WhiteElo "1900"]
[BlackElo "1726"]
[PlyCount "62"]
[EventDate "2013.??.??"]
[EventCountry "FRA"]
[SourceDate "2005.09.12"]

1. e4 c5 2. Nc3 e6 3. Bc4 a6 4. a4 Nc6 5. d3 Nf6 6. Bg5 Be7 7. Nf3 O-O 8. e5
Ng4 9. Bxe7 Qxe7 10. Qe2 f6 11. exf6 Qxf6 12. O-O d5 13. Bb3 Qf4 14. Qd2 Qd6
15. Qg5 Rxf3 16. Qxg4 Rf6 17. Qg3 Qd8 18. f4 Nd4 19. a5 b5 20. Qf2 Qd6 21. Rae1
Nc6 22. Qd2 Bb7 23. f5 Nxa5 24. Nxd5 exd5 25. Qxa5 c4 26. Ba2 Raf8 27. Qd2 Qc5+
28. d4 Qd6 29. Re5 Rh6 30. c3 Qf6 31. Re6 Qh4 1/2-1/2

[Event "Top Loire 2012-2013"]
[Site "Loire"]
[Date "2012.10.20"]
[Round "2.4"]
[White "Buisine, Roman"]
[Black "Tchalimian, Pascal"]
[Result "1/2-1/2"]
[WhiteElo "1651"]
[BlackElo "1950"]
[PlyCount "147"]
[EventDate "2013.??.??"]
[EventCountry "FRA"]
[SourceDate "2005.09.12"]

1. e4 c5 2. Nf3 Nc6 3. c3 d5 4. exd5 Qxd5 5. d4 e5 6. Nxe5 Nxe5 7. dxe5 Qxe5+
8. Qe2 Qxe2+ 9. Bxe2 Bd7 10. Bf4 O-O-O 11. O-O Ne7 12. Na3 Ng6 13. Bg3 f5 14.
f3 f4 15. Bf2 b6 16. Rfd1 Be7 17. Nb5 Kb8 18. Nd6 Ba4 19. b3 Bxb3 20. axb3 Bxd6
21. Ra2 Be5 22. Rc1 Rd6 23. b4 cxb4 24. cxb4 Rc8 25. Rxc8+ Kxc8 26. Rxa7 Bc3
27. Kf1 Kb8 28. Rf7 Rc6 29. b5 Rc7 30. Rxc7 Kxc7 31. Bd3 Nf8 32. Ke2 h6 33. Be4
Nd7 34. Kd3 Bf6 35. Bd4 Kd6 36. Bc6 Bxd4 37. Kxd4 Ne5 38. Bd5 Ng6 39. g3 fxg3
40. hxg3 Ne7 41. Be4 Nc8 42. Bb7 Ne7 43. Be4 Ke6 44. f4 h5 45. Bd3 Nf5+ 46.
Bxf5+ Kxf5 47. Kd5 Kg4 48. Kc6 Kxg3 49. Kxb6 h4 50. Kc5 h3 51. b6 h2 52. b7
h1=Q 53. b8=Q Qc1+ 54. Kd5 Qxf4 55. Qa7 g5 56. Qg1+ Kh4 57. Qh1+ Kg4 58. Qg2+
Qg3 59. Qe4+ Kh3 60. Qh1+ Kg4 61. Qe4+ Qf4 62. Qg2+ Kf5 63. Qc2+ Kf6 64. Qc6+
Kg7 65. Qd7+ Qf7+ 66. Qxf7+ Kxf7 67. Ke4 Kf6 68. Kf3 Kf5 69. Kg3 g4 70. Kg2 Kf4
71. Kf2 g3+ 72. Kg2 Kg4 73. Kg1 Kf4 74. Kg2 1/2-1/2

[Event "Top Loire 2012-2013"]
[Site "Loire"]
[Date "2012.10.20"]
[Round "2.5"]
[White "Walter, Alain"]
[Black "Pareux, Marc"]
[Result "1-0"]
[WhiteElo "1770"]
[BlackElo "1680"]
[PlyCount "88"]
[EventDate "2013.??.??"]
[EventCountry "FRA"]
[SourceDate "2005.09.12"]

1. d4 g6 2. e4 Bg7 3. Nf3 c6 4. Bc4 d5 5. exd5 cxd5 6. Be2 Nc6 7. O-O Nf6 8.
Nbd2 O-O 9. c3 Qc7 10. Re1 a6 11. Nf1 b5 12. Bg5 Ne4 13. Bh4 Bg4 14. Ne3 Qd7
15. Ne5 Nxe5 16. Nxg4 Nxg4 17. Bxg4 e6 18. Qd3 Rac8 19. Re2 Qb7 20. Rae1 b4 21.
Rc2 bxc3 22. bxc3 Nd6 23. Be2 Nc4 24. Bg5 Rc6 25. Rec1 Rfc8 26. Qd1 Bf8 27.
Bxc4 Rxc4 28. Rb2 Qc6 29. Bd2 a5 30. Qf3 a4 31. Rcb1 Rxc3 32. Bxc3 Qxc3 33. Qd1
Ba3 34. Rb8 Rxb8 35. Rxb8+ Kg7 36. g3 Bb2 37. Rb7 a3 38. Qg4 Qe1+ 39. Kg2 h5
40. Qf3 Qe4 41. Rxf7+ Kh6 42. Qxe4 dxe4 43. Re7 Bxd4 44. Rxe6 Kg5 1-0

[Event "Top Loire 2012-2013"]
[Site "Loire"]
[Date "2012.10.20"]
[Round "2.6"]
[White "Aumont-Mathieu, Georges"]
[Black "Garon, Pierre"]
[Result "0-1"]
[WhiteElo "1800"]
[BlackElo "1896"]
[PlyCount "70"]
[EventDate "2013.??.??"]
[EventCountry "FRA"]
[SourceDate "2005.09.12"]

1. e4 Nf6 2. e5 Nd5 3. c4 Nb6 4. c5 Nd5 5. Bc4 c6 6. Qe2 e6 7. d4 b6 8. cxb6
axb6 9. Nf3 Ba6 10. Bxa6 Nxa6 11. O-O Be7 12. a3 O-O 13. Nc3 Nac7 14. Ne4 Nb5
15. Bd2 Ra4 16. Qd3 f5 17. exf6 Bxf6 18. Nxf6+ Qxf6 19. b3 Rxa3 20. Rxa3 Nxa3
21. Ra1 Nb5 22. Bg5 Qf7 23. Qe4 Ndc3 24. Qh4 h6 25. Be3 d6 26. Qg4 Qf5 27. Qxf5
Rxf5 28. Ra6 Nd5 29. Kf1 Rf8 30. Ke2 g5 31. Ne1 Kg7 32. g3 Kg6 33. h3 Kf5 34.
Kf3 Kg6+ 35. Ke4 Nbc3+ 0-1

[Event "Top Loire 2012-2013"]
[Site "Loire"]
[Date "2012.10.20"]
[Round "2.7"]
[White "Libiszewski, Christian"]
[Black "Longueville, Thomas"]
[Result "0-1"]
[WhiteElo "1750"]
[BlackElo "1782"]
[PlyCount "98"]
[EventDate "2013.??.??"]
[EventCountry "FRA"]
[SourceDate "2005.09.12"]

1. e4 g6 2. d4 d6 3. Nf3 Bg7 4. h3 Nc6 5. c3 e5 6. Be3 Nf6 7. Bd3 O-O 8. O-O
Qe8 9. Qd2 exd4 10. cxd4 Nxe4 11. Qc1 Nb4 12. Bxe4 Qxe4 13. Nc3 Qe7 14. a3 Na6
15. Re1 Qd8 16. Bh6 c6 17. Bxg7 Kxg7 18. h4 Bg4 19. Qf4 Bxf3 20. gxf3 d5 21.
Qg3 Qf6 22. Rad1 Rae8 23. Rxe8 Rxe8 24. Kf1 Re7 25. h5 Nc7 26. hxg6 fxg6 27.
Ne2 Ne6 28. Rd3 Rf7 29. b4 h5 30. Qb8 Qf5 31. Qe5+ Qxe5 32. dxe5 Rf5 33. Re3
Kf7 34. Kg2 d4 35. Rd3 Nf4+ 36. Nxf4 Rxf4 37. Kg3 g5 38. a4 Ke6 39. Rd1 Kxe5
40. Re1+ Kd5 41. Re7 Kc4 42. Rxb7 d3 43. b5 cxb5 44. Rxb5 h4+ 45. Kg2 d2 46.
Rb1 Rd4 47. Rd1 Kc3 48. Kf1 Kc2 49. Ke2 h3 0-1

[Event "Top Loire 2012-2013"]
[Site "Loire"]
[Date "2012.10.20"]
[Round "2.8"]
[White "Bruel, Bruno"]
[Black "Vier, Serge"]
[Result "1/2-1/2"]
[WhiteElo "1780"]
[BlackElo "1700"]
[PlyCount "70"]
[EventDate "2013.??.??"]
[EventCountry "FRA"]
[SourceDate "2005.09.12"]

1. d4 d5 2. c4 e6 3. Nc3 Nf6 4. Nf3 Nbd7 5. Bf4 Be7 6. e3 Nh5 7. cxd5 Nxf4 8.
exf4 exd5 9. Nxd5 Nf6 10. Nxf6+ Bxf6 11. Be2 O-O 12. O-O Be6 13. Ne5 c6 14. Bd3
Qb6 15. Qa4 Rad8 16. Rfd1 Rd5 17. Be4 Ra5 18. Qc2 h6 19. b3 Rd8 20. f5 Bc8 21.
Nc4 Qc7 22. Nxa5 Qxa5 23. Qc4 Qc7 24. Rac1 Qf4 25. Qc2 Bxd4 26. g3 Qg5 27. Re1
Bb6 28. Rcd1 Re8 29. f6 Qxf6 30. Bh7+ Kf8 31. Rxe8+ Kxe8 32. Qe2+ Be6 33. Bd3
Kf8 34. Kg2 Bd5+ 35. Kg1 Bf3 1/2-1/2

[Event "Top Loire 2012-2013"]
[Site "Loire"]
[Date "2012.10.20"]
[Round "2.9"]
[White "Doran, Niall"]
[Black "Carteron, Olivier"]
[Result "1-0"]
[WhiteElo "1692"]
[BlackElo "1780"]
[PlyCount "67"]
[EventDate "2013.??.??"]
[EventCountry "FRA"]
[SourceDate "2005.09.12"]

1. e4 e6 2. d4 d5 3. e5 c5 4. c3 Nc6 5. Nf3 Qb6 6. Bd3 cxd4 7. cxd4 Bd7 8. O-O
Nxd4 9. Nxd4 Qxd4 10. Nc3 Qxe5 11. Re1 Qb8 12. Qf3 Nf6 13. Bg5 Be7 14. Bxf6
gxf6 15. Rac1 a6 16. Nxd5 exd5 17. Qxf6 Be6 18. Qxh8+ Kd7 19. Qd4 Bd6 20. g3
Qg8 21. Qf6 Bb4 22. Re2 Be7 23. Qf3 Qg5 24. Rec2 Bd6 25. h4 Qh6 26. Bf5 Ke7 27.
Bxe6 fxe6 28. Re1 Kd7 29. Qf7+ Be7 30. Rec1 Qf8 31. Rc7+ Kd6 32. Qxh7 Rb8 33.
Qc2 d4 34. Qc5# 1-0

[Event "Top Loire 2012-2013"]
[Site "Loire"]
[Date "2012.11.10"]
[Round "3.1"]
[White "Licata, Luc"]
[Black "Andre, Gregory"]
[Result "1-0"]
[WhiteElo "2060"]
[BlackElo "1810"]
[PlyCount "67"]
[EventDate "2013.??.??"]
[EventCountry "FRA"]
[SourceDate "2005.09.12"]

1. c4 c5 2. g3 Nf6 3. Bg2 e6 4. Nf3 Be7 5. d4 cxd4 6. Nxd4 d6 7. Nc3 a6 8. Bg5
Nbd7 9. b3 O-O 10. O-O Qc7 11. Qc2 h6 12. Bd2 Re8 13. f4 Nf8 14. e3 Rb8 15. Qd3
e5 16. Nf5 Bxf5 17. Qxf5 Ng6 18. Nd5 Nxd5 19. Bxd5 Bf6 20. Qxg6 Rf8 21. fxe5
Kh8 22. Bxf7 Bxe5 23. Rad1 Qe7 24. Bb4 Rbd8 25. Bd5 Bf6 26. Be4 Kg8 27. Bc3 d5
28. Qh7+ Kf7 29. Bxf6 Qxe4 30. Qxg7+ Ke8 31. Bg5 Rf4 32. Rxf4 Qxe3+ 33. Rf2
hxg5 34. Qf7# 1-0

[Event "Top Loire 2012-2013"]
[Site "Loire"]
[Date "2012.11.10"]
[Round "3.2"]
[White "Buisine, Roman"]
[Black "Cursoux, Gerard"]
[Result "1/2-1/2"]
[WhiteElo "1651"]
[BlackElo "1900"]
[PlyCount "131"]
[EventDate "2013.??.??"]
[EventCountry "FRA"]
[SourceDate "2005.09.12"]

1. e4 d6 2. d4 Nf6 3. Bd3 Nc6 4. c3 e5 5. Ne2 g6 6. O-O Bg7 7. f4 O-O 8. Nd2
Ng4 9. Nf3 f5 10. h3 Nh6 11. fxe5 dxe5 12. dxe5 fxe4 13. Bxe4 Qe8 14. Qb3+ Kh8
15. Qb5 Nxe5 16. Qxe8 Nxf3+ 17. Rxf3 Rxe8 18. Bd3 Nf5 19. Bf4 c6 20. Ng3 Nxg3
21. Rxg3 Be6 22. Re3 Bf7 23. Rae1 Rxe3 24. Rxe3 Rd8 25. a3 Kg8 26. Kf2 c5 27.
Ke2 c4 28. Bc2 Kf8 29. Bg5 Rd5 30. Be7+ Kg8 31. Be4 Rb5 32. Bb4 a5 33. a4 Rg5
34. Bd6 b5 35. axb5 Rxb5 36. Ba3 Bf8 37. Bc6 Rb6 38. Ba8 Bxa3 39. bxa3 Rb2+ 40.
Kf3 Rb3 41. a4 Rb8 42. Bc6 Rb2 43. g3 Rb6 44. Bb5 Rd6 45. Kf4 Kg7 46. Ke5 Rd2
47. h4 h6 48. Rf3 Rd5+ 49. Ke4 Rd2 50. Re3 Kf6 51. Rf3+ Ke7 52. Kf4 Bd5 53.
Re3+ Kf6 54. g4 g5+ 55. hxg5+ hxg5+ 56. Kg3 Rg2+ 57. Kh3 Rg1 58. Bd7 Rd1 59.
Bf5 Bf7 60. Kg3 Rd8 61. Kf2 Rd2+ 62. Kg3 Ra2 63. Bd7 Bd5 64. Kh3 Rf2 65. Kg3
Rf4 66. Bf5 1/2-1/2

[Event "Top Loire 2012-2013"]
[Site "Loire"]
[Date "2012.11.10"]
[Round "3.3"]
[White "Moleins, Adrien"]
[Black "Walter, Alain"]
[Result "1-0"]
[WhiteElo "1726"]
[BlackElo "1770"]
[PlyCount "37"]
[EventDate "2013.??.??"]
[EventCountry "FRA"]
[SourceDate "2005.09.12"]

1. e4 c5 2. Nf3 e6 3. c3 Nf6 4. e5 Nd5 5. d4 cxd4 6. cxd4 Nc6 7. a3 d6 8. Bd3
dxe5 9. dxe5 Qc7 10. O-O Nxe5 11. Nxe5 Qxe5 12. Bb5+ Bd7 13. Bxd7+ Kxd7 14. Nc3
Kc8 15. Nxd5 Qxd5 16. Bf4 Kd7 17. Rc1 Bd6 18. Qa4+ Ke7 19. Rcd1 1-0

[Event "Top Loire 2012-2013"]
[Site "Loire"]
[Date "2012.11.10"]
[Round "3.4"]
[White "Longueville, Thomas"]
[Black "Deville, Olivier"]
[Result "1-0"]
[WhiteElo "1782"]
[BlackElo "1964"]
[PlyCount "99"]
[EventDate "2013.??.??"]
[EventCountry "FRA"]
[SourceDate "2005.09.12"]

1. Nf3 c5 2. g3 Nc6 3. d3 g6 4. Bg2 Bg7 5. O-O d5 6. c3 Nf6 7. Qc2 O-O 8. e4 e5
9. Bg5 Be6 10. Nbd2 h6 11. exd5 Bxd5 12. Be3 b6 13. Ne4 Ng4 14. Nh4 Kh7 15. c4
Bxe4 16. Bxe4 Rc8 17. Qe2 f5 18. Bf3 Nf6 19. Ng2 Nd4 20. Bxd4 Qxd4 21. Rad1
Rfe8 22. Ne3 Qd7 23. Bg2 Qa4 24. b3 Qa3 25. Nd5 Nxd5 26. Bxd5 a5 27. Qc2 Rc7
28. f3 Rd8 29. Rd2 b5 30. Re2 Rd6 31. f4 exf4 32. Rxf4 a4 33. Re8 Bd4+ 34. Kg2
axb3 35. axb3 b4 36. Ra8 Ra7 37. Bg8+ Kg7 38. Rxa7+ Qxa7 39. Bd5 Ra6 40. Kh3
Ra2 41. Qd1 Qa3 42. Qe1 Qa7 43. Qe6 Ra6 44. Qg8+ Kf6 45. Qf8+ Kg5 46. Kg2 Ra2+
47. Kh3 Rb2 48. Rxd4 Rxh2+ 49. Kxh2 Qa2+ 50. Kh3 1-0

[Event "Top Loire 2012-2013"]
[Site "Loire"]
[Date "2012.11.10"]
[Round "3.5"]
[White "Tchalimian, Pascal"]
[Black "Furnon, Yannick"]
[Result "1-0"]
[WhiteElo "1950"]
[BlackElo "1830"]
[PlyCount "91"]
[EventDate "2013.??.??"]
[EventCountry "FRA"]
[SourceDate "2005.09.12"]

1. e4 c6 2. d4 d5 3. Nc3 dxe4 4. Nxe4 Nd7 5. Nf3 Ngf6 6. Ng3 e6 7. Bd3 Be7 8.
O-O O-O 9. c3 b6 10. Qc2 Bb7 11. Re1 c5 12. Ne4 Nxe4 13. Bxe4 Bxe4 14. Rxe4
cxd4 15. Rxd4 Bf6 16. Rd3 Qe7 17. Ng5 g6 18. Rh3 Qc5 19. Nf3 Qd5 20. Be3 Rfd8
21. Qa4 Nc5 22. Bxc5 Qxc5 23. Re1 a5 24. Qf4 Qf5 25. Qh6 Rd3 26. Qxh7+ Kf8 27.
Qh6+ Ke7 28. Nh4 Qd5 29. Rxd3 Qxd3 30. Nf3 Qc4 31. Qe3 Rb8 32. Ne5 Qc5 33. c4
Qd6 34. g3 Rc8 35. b3 a4 36. f4 axb3 37. axb3 Ra8 38. Qf3 Ra2 39. Qb7+ Ke8 40.
Qxf7+ Kd8 41. Qxf6+ Kc8 42. Nf3 Qc5+ 43. Nd4 Kb7 44. Qe5 Qb4 45. Qxe6 Qd2 46.
Qc6+ 1-0

[Event "Top Loire 2012-2013"]
[Site "Loire"]
[Date "2012.11.10"]
[Round "3.6"]
[White "Garon, Pierre"]
[Black "Doran, Niall"]
[Result "1-0"]
[WhiteElo "1896"]
[BlackElo "1692"]
[PlyCount "85"]
[EventDate "2013.??.??"]
[EventCountry "FRA"]
[SourceDate "2005.09.12"]

1. d4 Nf6 2. Nf3 g6 3. Bg5 Bg7 4. Nbd2 O-O 5. e4 d6 6. c3 c5 7. dxc5 dxc5 8.
Be2 Nc6 9. O-O Qc7 10. Qc2 Rd8 11. Nc4 Be6 12. g3 b5 13. Bf4 Qb7 14. Ncd2 h6
15. Nb3 Bxb3 16. axb3 e6 17. Be3 Bf8 18. h3 a6 19. Nd2 a5 20. f4 Rd7 21. g4 Be7
22. h4 h5 23. g5 Nh7 24. Nf3 f5 25. Ne1 Rad8 26. e5 Bf8 27. Bf3 Ra8 28. Qg2 Ra6
29. Qe2 b4 30. cxb4 cxb4 31. Nd3 Qb5 32. Nc5 Qxe2 33. Bxe2 Bxc5 34. Bxc5 Ra8
35. Bb5 Rc8 36. Bd6 Rb7 37. Ba6 Rbc7 38. Bxc7 Rxc7 39. Rfc1 Nf8 40. Bb5 Rc8 41.
Rxc6 Rd8 42. Rd6 Rc8 43. Bc4 1-0

[Event "Top Loire 2012-2013"]
[Site "Loire"]
[Date "2012.11.03"]
[Round "3.7"]
[White "Vier, Serge"]
[Black "Aumont-Mathieu, Georges"]
[Result "1/2-1/2"]
[WhiteElo "1700"]
[BlackElo "1800"]
[PlyCount "32"]
[EventDate "2013.??.??"]
[EventCountry "FRA"]
[SourceDate "2005.09.12"]

1. d4 Nf6 2. Nf3 e6 3. c4 b6 4. g3 Bb7 5. Bg2 Be7 6. O-O d6 7. Nc3 Nbd7 8. Qc2
O-O 9. e4 d5 10. e5 Ne8 11. cxd5 exd5 12. Re1 c5 13. Be3 g6 14. h4 h5 15. Rad1
Nc7 16. Bg5 Re8 1/2-1/2

[Event "Top Loire 2012-2013"]
[Site "Loire"]
[Date "2012.11.10"]
[Round "3.8"]
[White "Pareux, Marc"]
[Black "Bruel, Bruno"]
[Result "0-1"]
[WhiteElo "1680"]
[BlackElo "1780"]
[PlyCount "46"]
[EventDate "2013.??.??"]
[EventCountry "FRA"]
[SourceDate "2005.09.12"]

1. d4 d5 2. e4 dxe4 3. Nc3 Nf6 4. f3 exf3 5. Nxf3 Bg4 6. h3 Bh5 7. g4 Bg6 8.
Ne5 e6 9. Bg2 c6 10. O-O Be7 11. Ne2 O-O 12. c3 Nbd7 13. Nxg6 hxg6 14. Qb3 Qb6
15. Qc2 Nd5 16. Kh1 N7f6 17. Bg5 Rac8 18. a3 c5 19. c4 cxd4 20. Bxd5 exd5 21.
Qd2 Ne4 22. Qxd4 Qxd4 23. Nxd4 Bxg5 0-1

[Event "Top Loire 2012-2013"]
[Site "Loire"]
[Date "2012.11.10"]
[Round "3.9"]
[White "Carteron, Olivier"]
[Black "Libiszewski, Christian"]
[Result "1-0"]
[WhiteElo "1780"]
[BlackElo "1750"]
[PlyCount "45"]
[EventDate "2013.??.??"]
[EventCountry "FRA"]
[SourceDate "2005.09.12"]

1. b4 Nf6 2. Bb2 e6 3. a3 d5 4. Nf3 Nbd7 5. e3 Be7 6. c4 c6 7. Be2 O-O 8. O-O
Qc7 9. cxd5 cxd5 10. Nc3 a6 11. Rc1 Qd8 12. Nd4 b5 13. Nc6 Qe8 14. Bxb5 axb5
15. Nxb5 Nb6 16. Nc7 Qd8 17. Nxa8 Nxa8 18. Nxe7+ Qxe7 19. Bd4 Nd7 20. Qa4 Nab6
$11 21. Qa7 Nc4 22. Bc5 Nxc5 23. Qxe7 1-0

[Event "Top Loire 2012-2013"]
[Site "Loire"]
[Date "2012.12.15"]
[Round "4.1"]
[White "Moleins, Adrien"]
[Black "Licata, Luc"]
[Result "0-1"]
[WhiteElo "1740"]
[BlackElo "2060"]
[PlyCount "58"]
[EventDate "2013.??.??"]
[EventCountry "FRA"]
[SourceDate "2005.09.12"]

1. e4 e6 2. d4 d5 3. e5 c5 4. c3 Qb6 5. a3 Nc6 6. Nf3 Nh6 7. Bd3 Bd7 8. Bc2 Nf5
9. dxc5 Bxc5 10. O-O Be7 11. Nbd2 g5 12. Nb3 g4 13. Nfd4 Ncxd4 14. Nxd4 Nxd4
15. cxd4 h5 16. f3 g3 17. hxg3 O-O-O 18. b4 h4 19. g4 h3 20. Be3 Kb8 21. Qe2 f5
22. g5 Bb5 23. Bd3 f4 24. Bxb5 hxg2 25. Kxg2 Rdg8 26. Rh1 Rxg5+ 27. Kf2 Rhg8
28. Rh2 fxe3+ 29. Kxe3 Rxe5+ 0-1

[Event "Top Loire 2012-2013"]
[Site "Loire"]
[Date "2012.12.15"]
[Round "4.2"]
[White "Andre, Gregory"]
[Black "Tchalimian, Pascal"]
[Result "0-1"]
[WhiteElo "1810"]
[BlackElo "1950"]
[PlyCount "130"]
[EventDate "2013.??.??"]
[EventCountry "FRA"]
[SourceDate "2005.09.12"]

1. Nf3 d5 2. c4 d4 3. b4 Bg4 4. Qb3 f6 5. Bb2 e5 6. g3 d3 7. h3 dxe2 8. Bxe2
Bh5 9. O-O Nc6 10. a3 Qe7 11. Nxe5 Bxe2 12. Nxc6 bxc6 13. Re1 O-O-O 14. Qa4 Qe4
15. Nc3 Qxc4 16. Rxe2 Kb7 17. Rae1 Nh6 18. Ne4 Nf5 19. Rc1 Qb5 20. Qxb5+ cxb5
21. Nxf6 gxf6 22. Bxf6 Bd6 23. Bxh8 Rxh8 24. Kg2 Ra8 25. Re4 a5 26. g4 Ne7 27.
f4 axb4 28. axb4 Ra2 29. Rd1 Nd5 30. f5 Ra3 31. Rf1 Rg3+ 32. Kf2 Rxh3 33. Ke2
Nf6 34. Rd4 Rg3 35. Rf3 Rg1 36. Rf1 Rg3 37. Rf3 Rxg4 38. Rxg4 Nxg4 39. f6 Ne5
40. Rf5 Kc6 41. Rh5 Nd7 42. Rxh7 Nxf6 43. Rh1 Nd5 44. Rc1+ Kb6 45. d3 Bxb4 46.
Kd1 Ba3 47. Ra1 Bb2 48. Ra8 Nb4 49. Rg8 c6 50. Ke2 Kc5 51. Kd2 Bd4 52. Rg5+ Nd5
53. Kc2 Kb4 54. Rg6 c5 55. Rd6 Ne3+ 56. Kd2 Kb3 57. Rh6 Nc2 58. Rh1 Be3+ 59.
Ke2 Kc3 60. Rb1 b4 61. Kd1 Nd4 62. Ra1 Kxd3 63. Ra2 c4 64. Rd2+ Ke4 65. Rh2 c3
0-1

[Event "Top Loire 2012-2013"]
[Site "Loire"]
[Date "2012.12.15"]
[Round "4.3"]
[White "Cursoux, Gerard"]
[Black "Longueville, Thomas"]
[Result "1-0"]
[WhiteElo "1900"]
[BlackElo "1782"]
[PlyCount "45"]
[EventDate "2013.??.??"]
[EventCountry "FRA"]
[SourceDate "2005.09.12"]

1. c4 Nf6 2. Nc3 g6 3. g3 Bg7 4. Bg2 d6 5. d4 O-O 6. Nf3 Nc6 7. O-O e5 8. d5
Ne7 9. Bg5 Ne8 10. Qd2 f6 11. Bh6 Rf7 12. e4 Kh8 13. Ne1 Bd7 14. Nd3 c5 15.
dxc6 bxc6 16. Bxg7+ Kxg7 17. f4 Qb6+ 18. c5 dxc5 19. Na4 Qc7 20. Naxc5 Rd8 21.
Qc3 exf4 22. Nxf4 g5 23. Nfe6+ 1-0

[Event "Top Loire 2012-2013"]
[Site "Loire"]
[Date "2012.12.15"]
[Round "4.4"]
[White "Garon, Pierre"]
[Black "Buisine, Roman"]
[Result "0-1"]
[WhiteElo "1896"]
[BlackElo "1644"]
[PlyCount "85"]
[EventDate "2013.??.??"]
[EventCountry "FRA"]
[SourceDate "2005.09.12"]

1. d4 d5 2. Nf3 Nf6 3. Bg5 Ne4 4. Bf4 c5 5. e3 Nc6 6. Be2 Qb6 7. b3 Qb4+ 8. Kf1
Bf5 9. a3 Qb6 10. dxc5 Nxc5 11. Nc3 e6 12. Nd4 Bg6 13. h4 h5 14. g4 Be4 15.
Nxe4 Nxe4 16. Nb5 Rc8 17. f3 Nf6 18. g5 Nd7 19. Qd2 e5 20. Bg3 Ne7 21. c4 Nf5
22. Bf2 Bc5 23. Qxd5 Bxe3 24. Be1 Bd4 25. Qe4 Ne3+ 26. Kg1 Bxa1 27. Kh2 Bd4 28.
Bb4 Bc5 29. Bc3 O-O 30. b4 Bd4 31. Nxd4 exd4 32. Bxd4 Qc7+ 33. Kh3 Rce8 34. Qd3
Qf4 35. Bxa7 Qf5+ 36. Qxf5 Nxf5 37. Bd3 g6 38. Be4 Nd6 39. Bd5 Ra8 40. Bf2 Rxa3
41. c5 Rd3 42. Bg3 Rxd5 43. Bxd6 0-1

[Event "Top Loire 2012-2013"]
[Site "Loire"]
[Date "2012.12.15"]
[Round "4.5"]
[White "Bruel, Bruno"]
[Black "Walter, Alain"]
[Result "1/2-1/2"]
[WhiteElo "1780"]
[BlackElo "1770"]
[PlyCount "43"]
[EventDate "2013.??.??"]
[EventCountry "FRA"]
[SourceDate "2005.09.12"]

1. d4 d5 2. c4 e6 3. Nc3 Nf6 4. Nf3 Be7 5. Bf4 O-O 6. e3 c5 7. Bd3 Nc6 8. O-O
dxc4 9. Bxc4 cxd4 10. exd4 a6 11. Rc1 b5 12. Be2 Bb7 13. h3 Nb4 14. Bh2 Nbd5
15. Ne5 Rc8 16. Bf3 Nxc3 17. bxc3 Bxf3 18. Qxf3 Qb6 19. Rfd1 Rfd8 20. g4 h6 21.
Bg3 Bd6 22. h4 1/2-1/2